000 00690nam a2200205 i 4500
001 65126
003 ES-MaACL
005 20251013212805.0
007 t|
008 040108s1972 ag ||||1| spa d
100 1 _aFraisse, Paul.
_952120
245 1 0 _aHistoria y método de la Psicología experimental /
_cPaul Fraisse, Jean Piaget, Maurice Reuchlin ; [versión castellana de María Teresa Cevasco].
260 _aBuenos Aires :
_bPaidós,
_c[1972]
300 _a247 p. ;
_c23 cm.
700 1 _aPiaget, Jean,
_d1896-1980
_991738
700 1 _aReuchlin, Maurice.
_996372
700 1 _aCevasco, María Teresa.
_937707
852 _aES-MaACL
_jE-5572
_bR.89865
999 _c65126
_d65126